000
00335nam a2200169Ia 4500
100
_a
Bernier/Samuel N
650
_a
3d printing
942
_c
BK
366
_f
20
654
_a
3d printing
245
_a
Make:Design for 3D printing
260
_b
SPD
_c
2018
082
_b
BER
300
_a
149
546
_a
ENGLISH
999
_c
27065
_d
27065